Statistieken voor 15 grootste steden van Zweden op een kaart

Klik hier om de quiz te nemen!

Algemene statistieken

  • Deze quiz is 164 keer genomen
  • De gemiddelde score is 5 van 15

Antwoorden op de kaart

Antwoorden kleurgecodeerd door een groen-rode schaal op de quizkaart volgens % correct hieronder.
 

Antwoordstatistieken

BevolkingsaantalStad% Correct
974,073Stockholm
98%
344,166Malmö
80%
579,281Gotenburg
68%
230,767Uppsala
40%
143,171Norrköping
29%
147,734Helsingborg
27%
141,081Jönköping
27%
163,051Linköping
27%
128,901Umeå
27%
124,935Lund
25%
155,696Örebro
17%
154,049Västerås
16%
113,179Borås
12%
106,859Eskilstuna
7%
112,848Huddinge
4%

Scoreverdeling

Percentiel versus Aantal Correcte Antwoorden

Procent van Mensen met Elke Score

Uw Scoregeschiedenis

U heeft deze quiz nog niet genomen